000 00400nam a2200157 i 4500
001 bg
100 1 _aBOGDANOVIC, O. V.
245 0 _aRabota s pučkom termaznogo izlučenija /
_cO.V. Bogdanovic, F.A. Nikolaev.
260 _aMoskva,
_c1964.
700 1 _aNIKOLAEV, F. A.
040 _cBPK
041 _apol
080 _a539.1:621.384
942 _cKS
008 s pl f |000 0 pol
999 _c12782
_d12782
856 _uhttp://koha.tu.koszalin.pl/cgi-bin/koha/opac-detail.pl?biblionumber=12782
_yKatalog online BPK